000 002620000a22000970004500
100 1 _aBascom, Roberto
245 1 0 _aLa crítica textual y la Biblia hebrea
300 _aVol. 54, Núm 240 (1999), Páginas 17-21
773 0 _tLa Biblia de las Américas
942 _cANA
999 _c51523
_d51523